000 00842cam a2200301Ma 4500
001 78266
005 20230410130930.0
008 021010s2002 ck 000 0aspa d
035 _a(OCoLC)ocn318245764
040 _aZZAND
_bspa
_cZZAND
015 _ack-2002
020 _a9580470162
020 _a9789580470168
035 _a(OCoLC)318245764
050 1 4 _aPQ 8180.17
_bG216v 2002
049 _aGRAL
100 1 _aGarcía Márquez, Gabriel,
_d1927-2014
245 1 0 _aVivir para contarla /
_cGabriel García Márquez.
260 _aBogotá :
_bGrupo Editorial Norma,
_cc2002.
300 _a579 p. ;
_c24 cm.
600 1 4 _aGarcía Márquez, Gabriel,
_d1928-
650 4 _aCES
650 4 _aColección Enriquillo Sánchez
650 4 _aNovela italiana
_ySiglo XX.
942 _2lcc
_cbk
946 _amjcruz
994 _aC0
_bDRFGD
999 _c82999
_d82999